| 000 | 00643nam a2200205Ia 4500 | ||
|---|---|---|---|
| 005 | 20230621112205.0 | ||
| 008 | 131103s9999 xx 000 0 und d | ||
| 040 | _aLoreto College | ||
| 041 | _aEnglish | ||
| 082 |
_a940.28 _bNIC |
||
| 100 | _aNicolson,Harald | ||
| 245 | 4 |
_aThe Congress of Vienna _b a study in allied unity 1812 - 1822 _cHarold Nicolson |
|
| 260 |
_aLondon _bReaders Union _c1948 |
||
| 300 | _aviii,312 p. | ||
| 504 | _aIncludes bibliographical references and index | ||
| 650 | _aModern History - 1812 - 1822 - Congress of Vienna | ||
| 651 | _aEurope - Modern History - 1812 - 1822 | ||
| 850 | _aLCLIB | ||
| 942 | _cBK | ||
| 999 |
_c8771 _d59250 |
||